Communicating at work : principles and practices for bisness and thhe professions

Bibliographic Details
Main Author: Adler, Ronald B
Format: Book
Published: New York : McGraw-Hill , 1992
Edition:4th ed
Subjects:

MARC

LEADER 00000cam a2200000 7i4500
001 0000001958
002 000002126
005 20000330.0
020 |a 0070004544 
090 0 0 |a 658.452   |b ADL 
100 1 |a Adler, Ronald B 
245 1 0 |a Communicating at work :   |b principles and practices for bisness and thhe professions   |c Ronald B. Adler 
250 |a 4th ed 
260 |a New York :   |b McGraw-Hill ,   |c 1992 
300 |a 466p 
650 0 0 |a Business and politics   |z Malaysia 
999 |a 028120   |b BUKU   |c PINJAMAN   |e PERPUSTAKAAN KOMUNITI PETALING JAYA